00648cam a2200193ua 450000100100000000500170001000800410002704000300006808200170009810000320011524500960014725000120024326000690025530000260032465000340035065000180038465000240040270000280042600001562020200929164109.0840121s1972 sp 000 0 spa d aDO-SdBNPbspacDLCdBNPHU a362.2bH565p1 aHerrera Luque, Francisco J.14aLas personalidades psicopáticas. /cFrancisco J. Herrera Luque ; prólogo, Ibor López. a3a. ed. aBarcelona, (España) :bEditorial Científico-Médica,c1972. axix, 127 p. ;c20 cm. 4aTrastornos de la personalidad 4aFrustración 4aTrastornos mentales1 aLópez, Ibor,epról.